Managerial economics (Record no. 24464)

MARC details
000 -LEADER
fixed length control field 00610nam a22002057a 4500
003 - CONTROL NUMBER IDENTIFIER
control field OSt
005 - DATE AND TIME OF LATEST TRANSACTION
control field 20210707155806.0
008 - FIXED-LENGTH DATA ELEMENTS--GENERAL INFORMATION
fixed length control field 210707b ||||| |||| 00| 0 eng d
020 ## - INTERNATIONAL STANDARD BOOK NUMBER
International Standard Book Number 9788177583861
082 ## - DEWEY DECIMAL CLASSIFICATION NUMBER
Classification number 338.5
Item number P44M
100 ## - MAIN ENTRY--PERSONAL NAME
Personal name Petersen, Craig H,
245 ## - TITLE STATEMENT
Title Managerial economics
Statement of responsibility, etc by Craig H. Petersen, W. Chris Lewis and Sudhir K. Jain
260 ## - PUBLICATION, DISTRIBUTION, ETC. (IMPRINT)
Place of publication, distribution, etc Noida
Name of publisher, distributor, etc Pearson India Education Services
Date of publication, distribution, etc 2018
300 ## - PHYSICAL DESCRIPTION
Other physical details xv, 622p.
690 ## - LOCAL SUBJECT ADDED ENTRY--TOPICAL TERM (OCLC, RLIN)
Topical term or geographic name as entry element Managerial economics
690 ## - LOCAL SUBJECT ADDED ENTRY--TOPICAL TERM (OCLC, RLIN)
Topical term or geographic name as entry element Managerial economics--Study and teaching
700 ## - ADDED ENTRY--PERSONAL NAME
Personal name Lewis, W. Chris
700 ## - ADDED ENTRY--PERSONAL NAME
Personal name Jain, Sudhir K.
942 ## - ADDED ENTRY ELEMENTS (KOHA)
Source of classification or shelving scheme Dewey Decimal Classification
Koha item type Books

No items available.